00434nam a2200157Ia 4500003000400000005001700004008004100021020002100062040002900083050002200112100003500134245004400169260003100213300000900244650002300253OSt20240527133320.0230222s9999||||xx |||||||||||||| ||und|| a978-007-127066-3 cChuka University Library aQP 34.5bG36 2010 aKim E. Barrett …[et al] 0aGanong's :Review of medical physiology  aMcGrawhill bBoston c2010 a714p amedical physiology